| 000 | 00796nam a2200217Ii 4500 | ||
|---|---|---|---|
| 003 | JO-AjNU | ||
| 008 | 230605s9999||||xx |||||||||||||| ||und|| | ||
| 017 | _a2021/10/6055 | ||
| 020 | _a978-9957-94-735-4 | ||
| 040 |
_aJO-AjNU _bara _erda _cJO-AjNU |
||
| 041 | _aara | ||
| 050 | 1 | 4 | _aPJ7852 2021 |
| 100 | 3 |
_aالعتوم، مها, _eauthor _963771 |
|
| 245 | 0 | 0 | _aامجد ناصر وفصيدة النثر |
| 264 | 3 | 1 | _aعمان: وزارة الثقافه، 2021 |
| 300 |
_a118ص _bاصدارات مئوية الدولة الاردنية 2021 |
||
| 336 |
_atext _btxt _2rdacontent |
||
| 337 |
_aunmediated _bn _2rdamedia |
||
| 338 |
_avolume _bnc _2rdacarrier |
||
| 650 | 4 |
_aالشعر النثري-النقد الادبي-الدراسات الادبية - الشعراء العرب _963772 |
|
| 999 |
_aA28944 _c32512 _d32512 |
||